logo

Bir Sreshtho Munshi Abdur Rouf Library
Jhenaidah Cadet College

Cue card IELTS : (Record no. 8773)

MARC details
000 -LEADER
fixed length control field 00710cam a2200241 a 4500
001 - CONTROL NUMBER
JCCL Control Number 8773
003 - CONTROL NUMBER IDENTIFIER
JCCL marc code BD-JhCC
005 - DATE AND TIME OF LATEST TRANSACTION
control field 20180716185355.0
008 - FIXED-LENGTH DATA ELEMENTS--GENERAL INFORMATION
fixed length control field 180718s2008 enka 000 0 eng
035 ## - SYSTEM CONTROL NUMBER
system control number (BD-JhCC)8773
040 ## - CATALOGING SOURCE
Original cataloging agency DLC
Transcribing agency DLC
Modifying agency DLC
-- BD-JhCC
041 ## - LANGUAGE CODE
Language code of Book eng
050 00 - LIBRARY OF CONGRESS CALL NUMBER
Classification number PE1128.A2
Item number B4995 2006
082 ## - DEWEY DECIMAL CLASSIFICATION NUMBER
Author mark and Year SHA 2008
Classification number 428
100 1# - MAIN ENTRY--PERSONAL NAME
Personal name Shameem, Mehadi
245 10 - TITLE STATEMENT
Title Cue card IELTS :
Remainder of title Speaking module /
Statement of responsibility, etc Mehadi Shameem
260 ## - PUBLICATION, DISTRIBUTION, ETC. (IMPRINT)
Place of publication, distribution, etc Dhaka :
Name of publisher, distributor, etc Khan Book Center,
Date of publication, distribution, etc 2008.
300 ## - PHYSICAL DESCRIPTION
Pagination 202 p. :
Other physical details ill. ;
Dimensions 28 cm.
650 #0 - SUBJECT ADDED ENTRY--TOPICAL TERM
Topical term or geographic name as entry element English language
General subdivision Study and teaching (Higher)
-- Foreign speakers.
650 #0 - SUBJECT ADDED ENTRY--TOPICAL TERM
Topical term or geographic name as entry element English language
General subdivision Examinations
Form subdivision Study guides.
942 ## - ADDED ENTRY ELEMENTS (KOHA)
Source of classification or shelving scheme Dewey Decimal Classification
Koha item type Books
Holdings
Source of classification or shelving scheme Damaged status Not for loan Home library Current library Shelving location Date of accession Total Checkouts Full call number Barcode Date last seen Date checked out Copy number Koha item type
Dewey Decimal Classification     JCC Rouf Library JCC Rouf Library General Stacks 09/13/2023 2 428 SHA 2008 11717 04/18/2024 02/26/2024 C-1 Books

JCC Library | Contacts | JCC Home

Last Update on 23 September 2017
Copyright @ 2017-2020 JCC Rouf Library
Rouf Library, Jhenidah Cadet College (JCC), Bangladesh